NBA Mascots - Statistics

General Stats
  • This quiz has been taken 42 times
  • The average score is 9 of 29
Answer Stats
Team Answer % Correct
Chicago Bulls Benny the Bull
89%
Charlotte Hornets Hugo the Hornet
61%
Atlanta Hawks Harry the Hawk
58%
Milwaukee Bucks Bango the Buck
50%
Boston Celtics Lucky the Leprechaun
42%
Toronto Raptors The Raptor
42%
Memphis Grizzlies Grizz
39%
Washington Wizards G-Wiz
39%
Phoenix Suns The Gorilla
34%
Houston Rockets Clutch the Bear
32%
Philadelphia 76ers Franklin the Dog
32%
Utah Jazz Jazz Bear
32%
New Orleans Pelicans Pierre the Pelican
32%
Denver Nuggets Rocky
32%
Miami Heat Burnie
24%
San Antonio Spurs Coyote
24%
Cleveland Cavaliers Moondog
24%
Orlando Magic Stuff the Magic Dragon
24%
Portland Trailblazers Blaze the Trail Cat
21%
Sacramento Kings Slamson the Lion
21%
Indiana Pacers Boomer
18%
Oklahoma City Thunder Rumble the Bison
18%
LA Clippers Chuck the Condor
16%
Cleveland Cavaliers Sir CC
13%
Dallas Mavericks Champ
11%
Minnesota Timberwolves Crunch
11%
Detroit Pistons Hooper
11%
Dallas Mavericks MavsMan
11%
Portland Trailblazers Douglas Fur
8%
No matching quizzes found
Score Distribution
Percent of People with Each Score
Percentile by Number Answered
Your Score History
You have not taken this quiz